| 000 | 00465nam a2200181Ia 4500 | ||
|---|---|---|---|
| 001 | 19762 | ||
| 005 | 20260306172716.0 | ||
| 008 | 260306t2004||||xx |||||||||||||| ||spa|| | ||
| 041 | _aESP | ||
| 082 |
_a341 _bV64I |
||
| 100 |
_aVigo, Rodolfo Luis [coord.] _eAUT |
||
| 245 | 0 |
_aLa injusticia extrema no es derecho: _b(de Radbruch a a Alexy) |
|
| 260 | _c2004 | ||
| 300 |
_a500 páginas : _c21 cm. |
||
| 650 | _aGEN | ||
| 654 | _aCDE | ||
| 942 |
_cLIB _dJUS _fJUS _2ddc _n |
||
| 999 |
_c19762 _d19762 |
||